000 00663nam a2200193Ia 4500
008 140609s9999 xx 000 0 und d
020 _a9781118094594
050 _aBF 576
_b.St737 2013
100 _aStein, Steven J.
245 _aThe student EQ edge :
_bemotional intelligence and youracademic and personal success /
_cSteven J. Stein, Howard E. Book, and Korrel Kanoy
260 _aSan Francisco, CA :
_bJossey-Bass,
_cc2013.
300 _a324 p. :
_bill. ;
_c23 cm.
500 _aIncludes bibliographical references and index.
521 _aGE
650 _aPsychological aspects.
650 _xSuccess
942 _kFOR
_cBK
999 _c117930
_d117930